Structural-mineralogical alterations of sandstones in rock-water and rock-water-oil systems within oil-water contact; E3S Web of Conferences; Vol. 98 : 16th International Symposium on Water-Rock Interaction (WRI-16) and 13th International Symposium on Applied Isotope Geochemistry (1st IAGC International Conference)
| Parent link: | E3S Web of Conferences Vol. 98 : 16th International Symposium on Water-Rock Interaction (WRI-16) and 13th International Symposium on Applied Isotope Geochemistry (1st IAGC International Conference).— 2019.— [03005, 5 p.] |
|---|---|
| المؤلف الرئيسي: | |
| مؤلف مشترك: | |
| الملخص: | Title screen Structural-mineralogical alterations of sandstones under conditions of natural water-oil interaction within Jurassic sedimentary sequences in south-eastern Nurolsk sedimentary basin (Tomsk Oblast, Western Siberian, petroleum province) depend on their predominance in the fluid system and the dissolution-resedimentation process itself. Oil inflow and associated acid solutions into the reservoir resulted in rock-water disequilibrium: unstable minerals decompose and new stable mineral phases form. Under conditions of oil-filling reservoir, terrigenous reservoir alteration reveals zonal behavior. In the oil saturation zone (rock-water-oil system) solution and secondary mineralization are minimized; in the transition zone of water-oil contact (rock-water-oil and rock-water systems) dissolution is well-developed and accompanied by intensive kaolinitization; in edge water zone (rock-water system) no dissolution and predominating quartz-carbonate cementation. |
| اللغة: | الإنجليزية |
| منشور في: |
2019
|
| الموضوعات: | |
| الوصول للمادة أونلاين: | http://earchive.tpu.ru/handle/11683/65052 https://doi.org/10.1051/e3sconf/20199803005 |
| التنسيق: | MixedMaterials الكتروني فصل الكتاب |
| KOHA link: | https://koha.lib.tpu.ru/cgi-bin/koha/opac-detail.pl?biblionumber=662135 |
MARC
| LEADER | 00000naa0a2200000 4500 | ||
|---|---|---|---|
| 001 | 662135 | ||
| 005 | 20250812105138.0 | ||
| 035 | |a (RuTPU)RU\TPU\network\33269 | ||
| 035 | |a RU\TPU\network\32389 | ||
| 090 | |a 662135 | ||
| 100 | |a 20200520d2019 k||y0engy50 ba | ||
| 101 | 0 | |a eng | |
| 135 | |a drgn ---uucaa | ||
| 181 | 0 | |a i | |
| 182 | 0 | |a b | |
| 200 | 1 | |a Structural-mineralogical alterations of sandstones in rock-water and rock-water-oil systems within oil-water contact |f N. M. Nedolivko | |
| 203 | |a Text |c electronic | ||
| 300 | |a Title screen | ||
| 320 | |a [References: 6 tit.] | ||
| 330 | |a Structural-mineralogical alterations of sandstones under conditions of natural water-oil interaction within Jurassic sedimentary sequences in south-eastern Nurolsk sedimentary basin (Tomsk Oblast, Western Siberian, petroleum province) depend on their predominance in the fluid system and the dissolution-resedimentation process itself. Oil inflow and associated acid solutions into the reservoir resulted in rock-water disequilibrium: unstable minerals decompose and new stable mineral phases form. Under conditions of oil-filling reservoir, terrigenous reservoir alteration reveals zonal behavior. In the oil saturation zone (rock-water-oil system) solution and secondary mineralization are minimized; in the transition zone of water-oil contact (rock-water-oil and rock-water systems) dissolution is well-developed and accompanied by intensive kaolinitization; in edge water zone (rock-water system) no dissolution and predominating quartz-carbonate cementation. | ||
| 461 | |t E3S Web of Conferences | ||
| 463 | |t Vol. 98 : 16th International Symposium on Water-Rock Interaction (WRI-16) and 13th International Symposium on Applied Isotope Geochemistry (1st IAGC International Conference) |o Tomsk, Russia, July 21-26, 2019 |v [03005, 5 p.] |d 2019 | ||
| 610 | 1 | |a электронный ресурс | |
| 610 | 1 | |a труды учёных ТПУ | |
| 610 | 1 | |a структурно-минералогические особенности | |
| 610 | 1 | |a песчаники | |
| 610 | 1 | |a нефть-вода | |
| 700 | 1 | |a Nedolivko |b N. M. |c geologist |c Associate Professor of Tomsk Polytechnic University, Candidate of geological and mineralogical sciences |f 1955- |g Nataliya Mikhailovna |3 (RuTPU)RU\TPU\pers\34027 |9 17594 | |
| 712 | 0 | 2 | |a Национальный исследовательский Томский политехнический университет |b Инженерная школа природных ресурсов |b Отделение геологии |3 (RuTPU)RU\TPU\col\23542 |
| 801 | 2 | |a RU |b 63413507 |c 20210408 |g RCR | |
| 856 | 4 | |u http://earchive.tpu.ru/handle/11683/65052 | |
| 856 | 4 | |u https://doi.org/10.1051/e3sconf/20199803005 | |
| 942 | |c CF | ||